00309nam a2200109Ia 4500008004100000082001600041100002700057245006800084260002300152300000800175650001600183191201s2005 xx 000 0 und d a004.22bGUA aGUPTA, Manu, & et.al.  0aArchitecting and Building Enterprise Solutions with COM+ & .NET aN.DelhibPHIc2005 a362 aB.Tech(CSE)